Statistics for Solve the Secret Author

Click here to take the quiz!

General Stats

  • This quiz has been taken 199 times
  • The average score is 11 of 21

Answer Stats

Scramble Author % Correct
EELLee
100%
GIKNKing
100%
ADHLDahl
99%
AINTWTwain
93%
FLOOWWoolf
90%
ACLOTTAlcott
68%
ABKNOOVNabokov
64%
AENSTUAusten
59%
EIKLNOTTolkien
52%
CDEIKNSDickens
52%
LOOSTTYTolstoy
51%
EEHLLSYShelley
50%
ELLORWOrwell
47%
EGNNOTUVVonnegut
46%
ALLMNPUPullman
40%
AEGHIMNWYHemingway
33%
AEFKLNRUFaulkner
26%
Secret AuthorSTEINBECK
25%
ACCEHRUChaucer
20%
DEHIRSURushdie
12%
AEGILNRSSalinger
11%

Score Distribution

Percentile by Number Answered

Percent of People with Each Score

Your Score History

You have not taken this quiz